Top 12 Orlando Magic Players of All-Time - Statistics

General Stats
  • This quiz has been taken 206 times
  • The average score is 7 of 12
Answer Stats
# Player Win Shares % Correct
1 Dwight Howard 87.5
98%
4 Shaquille O'Neal 48.3
98%
6 Anfernee Hardaway 46.3
90%
5 Tracy McGrady 48.2
77%
3 Nikola Vučević 50.1
61%
10 Hedo Turkoglu 39.6
51%
7 Jameer Nelson 43.0
51%
2 Nick Anderson 52.9
49%
8 Horace Grant 42.2
42%
11 Dennis Scott 28.3
36%
12 Rashard Lewis 27.4
35%
9 Darrell Armstrong 40.2
16%
No matching quizzes found
Score Distribution
Percent of People with Each Score
Percentile by Number Answered
Your Score History
You have not taken this quiz